[Event "GER-chT U10"]
[Site "Magdeburg"]
[Date "2013.12.28"]
[Round "3.3"]
[White "Tuerk, Janusch"]
[Black "Schmidt, Pauline"]
[Result "0-1"]
[WhiteElo "805"]
[BlackElo "729"]
[PlyCount "48"]
[EventDate "2013.12.27"]
[EventType "team-swiss"]
[EventRounds "5"]
[EventCountry "GER"]
[SourceTitle "EXT 2015"]
[Source "ChessBase"]
[SourceDate "2014.11.20"]
[SourceVersion "1"]
[SourceVersionDate "2014.11.20"]
[SourceQuality "1"]
[WhiteTeam "Hamburg Weisse Dame"]
[BlackTeam "Stadtilm Blau Weiss II"]
[WhiteTeamCountry "GER"]
[BlackTeamCountry "GER"]

1. e4 e5 2. Nf3 Nc6 3. Bc4 Bc5 4. c3 Nf6 5. d3 h6 6. Bb3 d6 7. h3 Be6 8. Bc2 Qd7 9. 0-0 0-0-0 10. Be3 Bb6 11. Nbd2 g5 12. b4 a6 13. a4 g4 14. hxg4 Bxg4 15. b5 Na5 16. bxa6 bxa6 17. Bxb6 cxb6 18. Nb3 Bh3 19. Nxa5 bxa5 20. d4 exd4 21. cxd4 Bxg2 22. Kxg2 Rdg8+ 23. Kh2 Qg4 24. Rg1 Qh5+ 0-1